[Event "Amager-ch"]
[Site "Amager"]
[Date "2011.09.27"]
[Round "4"]
[White "Thorgrimson, Elof Joost"]
[Black "Mollmann, Erik"]
[Result "1/2-1/2"]
[WhiteElo "1694"]
[BlackElo "1601"]
[PlyCount "83"]
[EventDate "2011.08.30"]
[EventType "swiss"]
[EventRounds "7"]
[EventCountry "DEN"]
[SourceTitle "EXT 2023"]
[Source "ChessBase"]
[SourceDate "2022.10.05"]
[SourceVersion "1"]
[SourceVersionDate "2022.10.05"]
[SourceQuality "1"]

1. e4 Nc6 2. d4 d5 3. e5 f6 4. f4 Nh6 5. Nf3 Bf5 6. Nc3 Nb4 7. Bd3 Nxd3+ 8. cxd3 c6 9. h3 Qd7 10. Qe2 Be6 11. Be3 Nf5 12. Bf2 g6 13. g4 Ng7 14. 0-0-0 0-0-0 15. Rde1 f5 16. g5 Bf7 17. Kb1 e6 18. Rc1 Kb8 19. Na4 b6 20. Qc2 Rc8 21. a3 Be8 22. Qb3 Qb7 23. Rc2 c5 24. Rhc1 Bxa4 25. Qxa4 b5 26. Qa5 c4 27. dxc4 bxc4 28. Qc3 Rc6 29. Ka2 Be7 30. Be1 Nh5 31. Bd2 Ng3 32. Qe3 Ne4 33. Be1 Rb6 34. Nd2 Nxd2 35. Bxd2 Rb3 36. Bc3 Rc8 37. Qe2 Rc6 38. h4 Ra6 39. Ka1 Ra4 40. Be1 Qa6 41. Rc3 Rb6 42. R3c2 1/2-1/2